| 000 | 00399 a2200169 4500 | ||
|---|---|---|---|
| 001 | 186595 | ||
| 020 | _a85-00-00431-2 | ||
| 040 | _cMagnum | ||
| 100 | _aPinto, Ziraldo Alves | ||
| 240 | 1 | 0 |
_aO livro dos nãos do menino maluquinho _lpor |
| 245 | 1 | 0 | _aO livro dos nãos do menino maluquinho |
| 300 | _a90 | ||
| 362 | 0 | _a1997 | |
| 440 | 1 | _aEdiouro | |
| 697 | _aLITERATURA INFANTO | ||
| 942 | _cBK | ||
| 999 |
_c186595 _d186595 |
||